MARC

LEADER 00000nmm0a2200000 4500
001 333715
005 20231102004601.0
010 |a 0521282934 
035 |a (RuTPU)RU\TPU\book\359728 
035 |a RU\TPU\book\178705 
090 |a 333715 
100 |a 20170622d1996 m y0engy50 ba 
101 0 |a eng 
102 |a US 
105 |a a j 000zy 
200 1 |a Tree or Three?. An elementary Pronunciation Course  |f A. Baker 
210 |a New York  |c Cambridge University Press  |d 1996 
215 |a 121 p.  |c il. 
606 1 |a Английский язык  |x Учебные руководства и пособия для высшей школы  |x Пособия по фонетике  |2 stltpush  |3 (RuTPU)RU\TPU\subj\29072  |9 52484 
610 1 |a произношение 
610 1 |a упражнения 
610 1 |a лексика 
686 |a Ш143.21-923.1  |v LBC/SL-A  |2 rubbk 
700 1 |a Baker  |b A.  |g Ann 
801 1 |a RU  |b 63413507  |c 20090910 
801 2 |a RU  |b 63413507  |c 20221209  |g RCR 
942 |c MX